Tenggelamnya sebuah kapal
| Other Authors: | , |
|---|---|
| Format: | Book |
| Language: | English |
| Published: |
Kuala Lumpur
Pustaka Mastika
1989
|
| Subjects: |
| LEADER | 00558cam a2200193 a 4500 | ||
|---|---|---|---|
| 001 | 0000031166 | ||
| 005 | 20151029090000.0 | ||
| 040 | |a mod | ||
| 041 | |a eng | ||
| 020 | 0 | 0 | |a T000012372 |
| 090 | 0 | 0 | |a FM |b TEN |e 1989 |
| 245 | 1 | 0 | |a Tenggelamnya sebuah kapal |c diselenggara oleh A. Rahim Abdullah, Othman Puteh |
| 260 | 0 | 0 | |a Kuala Lumpur |b Pustaka Mastika |c 1989 |
| 300 | 0 | 0 | |a 113 p. |c 17 cm |
| 650 | 0 | 0 | |a Malay fiction |
| 700 | 0 | 0 | |a A. Rahim Abdullah |
| 700 | 0 | 0 | |a Othman Puteh |
| 852 | 0 | 0 | |a 01 |
| 999 | |a PH0101487 |b KEMENTAH |d BOOKS |e Fiksyen (FM) |f Perpustakaan KEMENTAH |j AVAILABLE |q OLD | ||